[Event "It (open)"]
[Site "masterchessopen.com - Zadar (Croatia)"]
[Date "2007.12.21"]
[Round "8"]
[White "Delchev Aleksander (BUL)"]
[Black "Kovacevic Aleksandar (SRB)"]
[Result "1-0"]
[WhiteElo "2613"]
[BlackElo "2554"]

{ } 1.d4 Nf6 2.c4 e6 3.Nf3 c5 4.d5 d6 5.Nc3 exd5 6.cxd5 g6 7.Nd2 Bg7 8.e4 O-O
9.Be2 Re8 10.O-O Na6 11.f3 Nc7 12.a4 { ?/= } 12...Nh5 ( 12...b6 13.Kh1 Nd7
14.Nc4 Ne5 15.Ne3 f5 16.f4 Nf7 17.exf5 gxf5 18.Bd3 Qf6 19.Ne2 Nh6 20.Ng3 Qg6
21.Qc2 Rf8 22.Bd2 Bd7 23.Rae1 Rae8 24.Be2 Re7 25.Bd3 Bd4 26.b4 Bxe3 27.Bxe3
Rfe8 28.bxc5 bxc5 29.Bd2 Rxe1 30.Rxe1 Rxe1+ 31.Bxe1 Nxd5 32.Bc4 { ...0-1,
Najdorf Miguel 2445 - Fischer Robert J 2780 , Habana 1966 Olympiad } ) (
12...Nd7 13.Kh1 b6 14.Nc4 Ne5 15.Ne3 f5 16.f4 Nf7 17.exf5 gxf5 18.Bd3 Nh6
19.Qc2 Qf6 20.Bd2 Bd7 21.Rf3 Kh8 22.Raf1 Re7 23.Rh3 Qf7 24.Nc4 Qg6 25.Rg3 Ng4
26.h3 h5 27.Ne3 Nxe3 28.Rxg6 Nxc2 29.Bxc2 Ne8 30.Rg5 Nf6 31.Bxf5 Bxf5 32.Rxf5
{ ...1/2-1/2, Kramnik Vladimir 2809 - Topalov Veselin 2733 , Monaco 2001 It
"Melody Amber" (active) } ) 13.Nc4 ( 13.f4 Bd4+ 14.Kh1 Nf6 15.Bf3 h5 16.f5 Kg7
17.Ne2 Be3 18.Ra3 Bh6 19.fxg6 fxg6 20.Nc4 g5 21.Ng3 h4 22.Nh5+ Nxh5 23.Bxh5
Rxe4 24.Qd3 Qe7 25.Nxd6 Qxd6 26.Qxe4 Kg8 27.Raf3 { 1-0, Holm Sejer 2262 - De
Castro Edgar 2385 , Siegen 1970 Olympiad } ) 13...Bd4+ ( 13...a6 14.g4 Nf6
15.Bf4 Bf8 16.Qe1 h5 17.h3 hxg4 18.hxg4 Bxg4 19.fxg4 Nxe4 20.Bf3 Nxc3 21.Qxc3
b5 22.Nd2 Bg7 23.Qc2 Bd4+ 24.Kg2 Qf6 25.Be4 Nxd5 26.Bxd5 Re2+ 27.Kg3 g5 28.Qf5
gxf4+ 29.Rxf4 Qxf5 30.Rxf5 Rf8 31.Ne4 Be5+ 32.Kf3 Rxb2 33.axb5 { ...1-0,
Drozdovskij Yuri 2509 - Slamang Nathmie, Cannes 1997 Ch World (juniors) (under
14) } ) ( 13...f5 14.exf5 Bd4+ 15.Kh1 gxf5 16.f4 Nf6 17.Bf3 b6 18.Ne2 Ba6
19.Qd3 Rxe2 20.Bxe2 Ne4 21.Qf3 Nxd5 22.Be3 Nxe3 23.Nxe3 Bb7 24.Qh3 Bxe3
25.Qxe3 Qh4 26.Kg1 d5 27.a5 Re8 28.axb6 axb6 29.Ra7 Re7 30.Qd3 c4 31.Qd1 Kg7
32.Rxb7 Rxb7 33.Qxd5 { ...1-0, Gutop Yuri V 2303 - Chubrak, URS 1990 corr. } )
14.Kh1 f5 { +0.26 CAP } ( 14...Qf6 15.Qd2 Bd7 16.g4 Ng7 17.Qh6 Qe7 18.Bf4 Bxc3
19.Bxd6 Qd8 20.bxc3 Nxd5 21.exd5 Rxe2 22.Rae1 Rxe1 23.Rxe1 Qf6 24.Re3 Ne8
25.Qf8# { 1-0, Kagan Shimon 2350 - Carvajal Juan 2200 , Habana 1966 Olympiad }
) 15.g4 { N } ( 15.exf5 gxf5 ( 15...Qe7 16.Ne4 gxf5 17.Bg5 Qg7 18.Ncxd6 fxe4
19.Nxe8 Qxg5 20.fxe4 Ng3+ 21.hxg3 Nxe8 22.Ra3 Ng7 23.g4 h5 24.g3 hxg4 25.Rb3
Qh5+ { 0-1, Koehler Ronald 2262 - Boehle Reinard 2115 , Hessen 1990 Ch Hessen
(qual) } ) 16.f4 Nf6 17.Bf3 b6 18.Ne2 Ba6 19.Qd3 Rxe2 20.Bxe2 Ne4 21.Qf3 Nxd5
22.Be3 Nxe3 23.Nxe3 Bb7 24.Qh3 Bxe3 25.Qxe3 Qh4 26.Kg1 d5 27.a5 Re8 28.axb6
axb6 29.Ra7 Re7 30.Qd3 c4 31.Qd1 Kg7 32.Rxb7 Rxb7 33.Qxd5 Qe7 34.Qxf5 Nd2 {
...1-0, Gutop Yuri V 2303 - Chubrak, URS 1990 corr. } ) 15...fxg4 16.fxg4 Nf6
17.Bg5 Rf8 18.Bf3 Qd7 19.h3 { ?! } ( 19.Ne2 { !? } 19...Be5 20.Nxe5 dxe5 21.d6
Ne6 22.Bxf6 Rxf6 23.Qd5 Qf7 24.Bg2 { } ) 19...Rb8 { ?! } ( 19...h5 { !? }
20.Kg2 Rf7 21.Qe2 hxg4 22.hxg4 Rf8 23.e5 { } ) 20.Ne2 Be5 21.Bg2 Nce8 22.Nxe5
dxe5 23.Ra3 Qd6 24.Raf3 b6 25.Nc3 Ba6 26.R1f2 Rb7 27.Bf1 c4 28.Be2 Rbf7 29.Qf1
Kg7 30.Bxc4 Bxc4 31.Qxc4 h6 32.Bd2 Qd7 33.Qf1 g5 34.Qe2 Nd6 35.b3 Rc8 36.Kg2
Rcf8 37.Bc1 Rc8 38.Bb2 Rxc3 39.Bxc3 Ndxe4 40.Rxf6 Nxf6 41.Qxe5 { } 1-0

[Event "It (open)"]
[Site "masterchessopen.com - Zadar (Croatia)"]
[Date "2008.12.17"]
[Round "5"]
[White "Kozul Zdenko (CRO)"]
[Black "Zufic Miroslav (CRO)"]
[Result "1-0"]
[WhiteElo "2593"]
[BlackElo "2429"]

1.d4 Nf6 2.c4 c5 3.d5 e6 4.Nc3 exd5 5.cxd5 d6 6.Nf3 g6 7.Nd2 Bg7 8.e4 O-O
9.Be2 Re8 10.O-O Na6 11.f3 Nc7 12.a4 b6 13.Nc4 Ba6 14.Rb1 Rb8 15.Kh1 Qd7 16.b4
cxb4 17.Rxb4 Qe7 18.e5 Nfxd5 19.Nxd5 Nxd5 20.Qxd5 dxe5 21.Ba3 Red8 22.Qe4 Rd4
23.Qe3 Qh4 24.g3 Qh3 25.Re1 Bf8 26.Nxe5 Bxb4 27.Qxd4 Bxe1 28.Ng4 Bxe2 29.Nf6+
Kg7 30.Ne8+ {#r} 1-0

[Event "It"]
[Site "masterchessopen.com - Zagreb (Croatia)"]
[Round "3"]
[White "Tukmakov Vladimir B (UKR)"]
[Black "Gliksman Darko (CRO)"]
[Result "1-0"]
[WhiteElo "2565"]
[BlackElo "2385"]

1.d4 Nf6 2.c4 c5 3.d5 g6 4.Nc3 d6 5.e4 Bg7 6.Be2 O-O 7.Nf3 e6 8.O-O exd5
9.cxd5 Re8 10.Nd2 Na6 11.f3 Nc7 12.Kh1 b6 13.a4 Rb8 14.Rb1 Qe7 15.Nc4 Ba6
16.Bg5 h6 17.Bh4 Qd7 18.Qd2 Bxc4 19.Bxc4 a6 20.b4 b5 21.axb5 axb5 22.Be2 c4
23.Bf2 Qe7 24.Bd4 Qf8 25.Bd1 Nd7 26.Bxg7 Qxg7 27.Bc2 Ra8 28.f4 Red8 29.Rf3 Ra3
30.Rbf1 Nf6 31.e5 Nfe8 32.e6 fxe6 33.Rg3 Nxd5 34.Rxg6 Qxg6 35.Bxg6 Rxc3 36.f5
Re3 37.fxe6 {#r} 1-0

[Event "It"]
[Site "masterchessopen.com - Zevenaar (Netherlands)"]
[Round "8"]
[White "Beni Alfred (AUT)"]
[Black "Langeweg Kick (NED)"]
[Result "1-0"]
[WhiteElo "2210"]
[BlackElo "2309"]

1.d4 Nf6 2.c4 e6 3.Nc3 c5 4.d5 exd5 5.cxd5 g6 6.e4 d6 7.Be2 Bg7 8.Nf3 O-O
9.O-O Re8 10.Nd2 Na6 11.f3 Nc7 12.a4 b6 13.Nc4 Ba6 14.Bg5 Qd7 15.Qd2 Bxc4
16.Bxc4 a6 17.Rae1 b5 18.axb5 axb5 19.Bd3 c4 20.Bc2 b4 21.Ne2 b3 22.Bd1 Nb5
23.Be3 Ra2 24.Qc1 Nxd5 25.exd5 Rxb2 26.Bh6 Bxh6 27.Qxb2 Qa7+ 28.Kh1 Qe3
29.Bxb3 cxb3 30.Qc1 Qxc1 31.Nxc1 Rxe1 32.Rxe1 Nd4 33.Re8+ Kg7 34.Nd3 Bd2
35.Rd8 Bb4 36.Rb8 Ba3 37.Kg1 {#r} 1-0

[Event "?"]
[Site "masterchessopen.com - corr."]
[Round "0"]
[White "Nurmi Timo (NOR)"]
[Black "Luodonpaa Martti (FIN)"]
[Result "1-0"]
[WhiteElo "1997"]
[BlackElo "1900"]

1.d4 Nf6 2.c4 c5 3.d5 g6 4.Nc3 e6 5.e4 exd5 6.cxd5 d6 7.Nf3 Bg7 8.Be2 O-O
9.O-O Re8 10.Nd2 Na6 11.f3 Nc7 12.a4 b6 13.Nc4 Ba6 14.Bg5 h6 15.Be3 Rb8 16.Qd2
Kh7 17.b3 Qd7 18.Rae1 Bc8 19.Bf4 Bf8 20.e5 dxe5 21.Nxe5 Qf5 22.g4 {#r} 1-0

[Event "Ch Great Britain (corr.)"]
[Site "masterchessopen.com - corr."]
[Round "0"]
[White "Giulian Philip M (SCO)"]
[Black "Chandler Clifford R (ENG)"]
[Result "1-0"]
[WhiteElo "2294"]
[BlackElo "2261"]

1.d4 Nf6 2.c4 c5 3.d5 e6 4.Nc3 exd5 5.cxd5 d6 6.e4 g6 7.Nf3 Bg7 8.Be2 O-O
9.O-O Re8 10.Nd2 Na6 11.f3 Nd7 12.Kh1 f5 13.exf5 gxf5 14.Nc4 Nf6 15.Bg5 Qe7
16.Re1 Bd7 17.a4 Nb4 18.Qd2 b6 19.Bf4 Nh5 20.Bxd6 Qf6 21.g3 Qd4 22.Rad1 Qxd2
23.Rxd2 Bd4 24.f4 Nf6 25.Be5 Ne4 26.Nxe4 fxe4 27.Bh5 Rxe5 28.fxe5 Nxd5 29.Rxe4
Bc6 30.Bf3 Rf8 31.Rg4+ Kf7 32.Bg2 Ba8 33.Rd1 Ke6 34.Rh4 Rf2 35.Rd2 Rxg2
36.Rh6+ Kf5 37.Rxg2 Nb4 38.Rf6+ Kg5 39.h4+ Kg4 40.Kh2 {#r} 1-0